000 00502nam a2200193Ia 4500
003 OSt
005 20220926041405.0
006 a|||||r|||| 00| 0
007 ta
008 220923b |||||||| |||| 00| 0 eng d
037 _cGeneral Book
040 _aRTL
_cRTL
_beng
041 _2eng
_aeng
082 _aX:75.1(x).N7, M1/TD
100 _aKILLICK Tony
_930150
245 0 _aPolicy economics.
942 _hX:75.1(x).N7, M1/TD
_cGB
_2CC
999 _c667069
_d667069